LEADER 00875nam a2200265 i 4500 001 991001625889707536 005 20020503123758.0 008 010221s1978 it ||| | ita 035 $ab10248493-39ule_inst 035 $aLE01281538$9ExL 040 $aDip.to Lingue$bita 100 1 $aBarzini, Luigi$0322851 245 10$aO America! /$cLuigi Barzini 250 $a1 ed. 260 $aMilano :$bMondadori,$cc1978 300 $a326 p. ;$c21 cm. 440 3$aLe scie 650 4$aSocietà$zStati Uniti d'America$ySec.20 650 4$aStati Uniti d'America$xVita sociale 907 $a.b10248493$b02-04-14$c27-06-02 912 $a991001625889707536 945 $aLE012 973.91 BAR$g1$i2012000024816$lle012$o-$pE0.00$q-$rl$s- $t0$u0$v0$w0$x0$y.i10298599$z27-06-02 996 $aO America$9205554 997 $aUNISALENTO 998 $ale012$b01-01-01$cm$da $e-$fita$git $h0$i1 LEADER 01474nam a2200313 i 4500 001 991001176449707536 005 20020507112255.0 008 940225s1974 ne ||| | eng 035 $ab10184302-39ule_inst 035 $aLE00643396$9ExL 040 $aDip.to Fisica$bita 084 $a53(082.2) 084 $a53.3 084 $a539.721 111 2 $aInternational Symposium on electron and photon interactions at high energies$0462100 245 10$aProceedings of the 6th International Symposium on electron and photon interactions at high energies :$bPhysikalisches Institut, University of Bonn, Federal Republic of Germany, August 27-31, 1973 /$cH. Rollnik and W. Pfeil (eds.) ; sponsored by IUPAP 260 $aAmsterdam :$bNorth-Holland Publ. Co.,$c1974 300 $aviii, 579 p. ;$c27 cm. 490 0 $aInternational Symposium on electron and photon interactions at high energies ;$v6 650 4$aElectron-photon interactions$xCongresses 700 1 $aPfeil, W. 700 1 $aRollnik, Horst 710 2 $aInternational union of pure and applied physics 907 $a.b10184302$b17-02-17$c27-06-02 912 $a991001176449707536 945 $aLE006 53.3(042+082.2) BON$g1$i2006000046855$lle006$o-$pE0.00$q-$rl$s- $t0$u0$v0$w0$x0$y.i1022628x$z27-06-02 996 $aProceedings of the 6th International Symposium on electron and photon interactions at high energies$9190530 997 $aUNISALENTO 998 $ale006$b01-01-94$cm$da $e-$feng$gne $h0$i1 LEADER 02071oam 2200457 a 450 001 9910698869603321 005 20090512075802.0 035 $a(CKB)5470000002397168 035 $a(OCoLC)301228198 035 $a(EXLCZ)995470000002397168 100 $a20090202d2009 ua 0 101 0 $aeng 135 $aurmn||||||||| 181 $ctxt$2rdacontent 182 $cc$2rdamedia 183 $acr$2rdacarrier 200 10$aMilitary base realignments and closures$b[electronic resource] $eDOD faces challenges in implementing recommendations on time and Is not consistently updating savings estimates : report to congressional committees /$f[Author: Brian J. Lepore] 210 1$a[Washington, D.C.] :$cU.S. Govt. Accountability Office,$d[2009] 215 $aii, 49 pages $cdigital, PDF file 300 $aTitle from title screen (viewed on Feb. 2, 2009). 300 $a"January 2009." 300 $a"GAO-09-217." 320 $aIncludes bibliographical references. 330 $aThe House report on the National Defense Authorization Act for Fiscal Year 2008 directed GAO to monitor BRAC implementation. Therefore, GAO assessed (1) challenges that might affect timely completion of recommendations, (2) any changes in DOD s reported cost and savings estimates since fiscal year 2008, and (3) the potential for estimates to continue to change. 517 $aMilitary base realignments and closures 606 $aMilitary base closures$xEconomic aspects$zUnited States 606 $aMilitary bases$xLaw and legislation$zUnited States 607 $aUnited States$xArmed Forces$xReorganization$xEconomic aspects 615 0$aMilitary base closures$xEconomic aspects 615 0$aMilitary bases$xLaw and legislation 700 $aLepore$b Brian J$01388056 712 02$aUnited States.$bGovernment Accountability Office. 801 0$bUNA 801 1$bUNA 801 2$bUNA 801 2$bESR 801 2$bGPO 906 $aBOOK 912 $a9910698869603321 996 $aMilitary base realignments and closures$93454960 997 $aUNINA